Normal view
MARC view
Entry Topical Term
001 - CONTROL NUMBER
- control field: 37062
003 - CONTROL NUMBER IDENTIFIER
- control field: OSt
005 - DATE AND TIME OF LATEST TRANSACTION
- control field: 20160206120112.0
008 - FIXED-LENGTH DATA ELEMENTS
- fixed length control field: 160206|| aca||aabn | a|a d
040 ## - CATALOGING SOURCE
- Original cataloging agency: OSt
- Transcribing agency: OSt
150 ## - HEADING--TOPICAL TERM
- Topical term or geographic name entry element: Philosophy
670 ## - SOURCE DATA FOUND
- Source citation: Work cat.: (OSt)26882: परिहार श्री पत्रालाल 37061, वेद मेंद अघ्यात्म विघा , 1975









